Ο φάρος στην άκρη του κόσμου : Le phare du bout du monde

Saved in:
Bibliographic Details
Main Author: Verne, Jules, 1828-1905
Other Authors: Καρρέρ, Αλέξης Δ., 1912-2005 (Translator), Roux, Georges
Format: Book
Language:Greek
French
Published: Αθήνα : Αστήρ, 1975.
Series:Βιβλιοθήκη Ιουλίου Βέρν ; 39
Subjects:
Tags: Add Tag
No Tags, Be the first to tag this record!

MARC

LEADER 00000cam a2200000 i 4500
001 1/20829
008 051215s1975 gr | ||| |||| ||gre||
035 |l 10081713 
040 |a GR-MyUA  |b gre  |e AACR2 
041 1 |a gre  |a fre 
082 0 |a 843.3  |2 (22) 
100 1 |a Verne, Jules,   |d 1828-1905. 
245 1 2 |a Ο φάρος στην άκρη του κόσμου :   |b Le phare du bout du monde /   |c Ιουλίου Βέρν ; μετάφραση Αλεξάνδρου Κάρρερ ; εικονογράφηση G.Roux.  
260 |a Αθήνα :   |b Αστήρ,   |c 1975.  
300 |a 248 σ. ;   |c 20 εκ.  
490 1 |a (Βιβλιοθήκη Ιουλίου Βέρν   |v ; 39)  
500 |a Τίτλος πρωτοτύπου: Le phare du bout du monde.  
650 0 0 |a French fiction. 
650 0 0 |a Fantasy fiction, Frence. 
700 1 |a Καρρέρ, Αλέξης Δ.,   |d 1912-2005,  |e trl 
700 1 |a Roux, Georges. 
830 0 |a Βιβλιοθήκη Ιουλίου Βέρν ;  |v  39 
852 |a INST  |b RHODES  |c KRI  |e 20051215  |h  843.3 VER  |p 005400030406  |q 005400030406  |t BK  |y 0 
901 |a BIBL-2005-3 
909 |a Ρ  |b 122802 
970 |a ΣΙΔΕΡΗ  |b ΝΕΚΤΑΡΙΑ  |z 2005/11/15